[Event "POL-Cup blind"]
[Site "Dzwirzyno"]
[Date "2019.09.03"]
[Round "3"]
[White "Sowka, Oskar"]
[Black "Inglot, Marian"]
[Result "1-0"]
[WhiteElo "1445"]
[BlackElo "1409"]
[PlyCount "50"]
[EventDate "2019.09.02"]
[EventType "swiss"]
[EventRounds "9"]
[EventCountry "POL"]
[SourceTitle "EXT 2020"]
[Source "ChessBase"]
[SourceDate "2019.10.17"]
[SourceVersion "1"]
[SourceVersionDate "2019.10.17"]
[SourceQuality "1"]

1. e4 e5 2. Bc4 Nf6 3. Nc3 Bb4 4. Nf3 Bxc3 5. dxc3 Nc6 6. Bg5 h6 7. Bh4 g5 8. Bg3 Nxe4 9. Qd5 Nd6 10. Nxe5 Qe7 11. 0-0-0 0-0 12. Rhe1 Qf6 13. Bd3 Ne7 14. Qd4 Ndf5 15. Qe4 d5 16. Qf3 Be6 17. h4 h5 18. hxg5 Qxg5+ 19. Bf4 Nh4 20. Bxg5 Nxf3 21. Bxe7 Nxe1 22. Bxf8 Nxd3+ 23. cxd3 Rxf8 24. b3 f6 25. Ng6 Rf7 1-0

[Event "POL-chT blind Gp A"]
[Site "Mielno"]
[Date "2013.12.11"]
[Round "7.6"]
[White "Inglot, Marian"]
[Black "Hagner, Pawel"]
[Result "0-1"]
[WhiteElo "1475"]
[BlackElo "1776"]
[PlyCount "40"]
[EventDate "2013.12.06"]
[EventType "team-tourn"]
[EventRounds "10"]
[EventCountry "POL"]
[SourceTitle "EXT 2019"]
[Source "ChessBase"]
[SourceDate "2018.10.10"]
[SourceVersion "1"]
[SourceVersionDate "2018.10.10"]
[SourceQuality "1"]

1. e4 d6 2. d4 Nf6 3. Nc3 g6 4. Bc4 Bg7 5. Qf3 0-0 6. Bg5 Nc6 7. 0-0-0 Bg4 8. Qe3 Bxd1 9. Kxd1 Nh5 10. Bh6 Bxh6 11. Qxh6 Nxd4 12. g4 Nf6 13. h4 Nxg4 14. Qd2 e5 15. h5 Qf6 16. Nh3 Qf3+ 17. Kc1 Qxh1+ 18. Nd1 Qxh3 19. hxg6 hxg6 20. Qg5 Qh6 0-1

[Event "POL-chT blind Gp A"]
[Site "Mielno"]
[Date "2013.12.10"]
[Round "6.9"]
[White "Sargalski, Andrzej"]
[Black "Inglot, Marian"]
[Result "1-0"]
[WhiteElo "1920"]
[BlackElo "1475"]
[PlyCount "85"]
[EventDate "2013.12.06"]
[EventType "team-tourn"]
[EventRounds "10"]
[EventCountry "POL"]
[SourceTitle "EXT 2019"]
[Source "ChessBase"]
[SourceDate "2018.10.10"]
[SourceVersion "1"]
[SourceVersionDate "2018.10.10"]
[SourceQuality "1"]

1. e4 e5 2. Nf3 Nc6 3. Bc4 h6 4. 0-0 d6 5. h3 Qf6 6. Nc3 Qg6 7. Kh2 Nf6 8. Re1 Qh5 9. Nd5 Kd8 10. Nxf6 gxf6 11. Nd4 Qg6 12. Nxc6+ bxc6 13. Qf3 h5 14. d3 Bg4 15. Qg3 Be6 16. Qxg6 fxg6 17. Bxe6 g5 18. Be3 Ke7 19. Bf5 Bg7 20. d4 Rab8 21. b3 Rbg8 22. dxe5 fxe5 23. Bxg5+ Bf6 24. Bxf6+ Kxf6 25. Bd7 c5 26. c4 h4 27. Re3 Rh7 28. Bf5 Rhg7 29. Rg1 Rg5 30. Rf3 Ke7 31. Bg4 c6 32. Rf5 R5g7 33. Rh5 d5 34. Rxe5+ Kd6 35. Re6+ Kc7 36. exd5 Rf8 37. Rxc6+ Kb8 38. Bf3 Kb7 39. Rxc5 a6 40. Re1 Kb6 41. Rc6+ Ka5 42. Ree6 Ra7 43. a3 1-0

[Event "POL-chT blind Gp A"]
[Site "Mielno"]
[Date "2013.12.09"]
[Round "4.9"]
[White "Pawelec, Bartosz"]
[Black "Inglot, Marian"]
[Result "1-0"]
[WhiteElo "2027"]
[BlackElo "1475"]
[PlyCount "79"]
[EventDate "2013.12.06"]
[EventType "team-tourn"]
[EventRounds "10"]
[EventCountry "POL"]
[SourceTitle "EXT 2019"]
[Source "ChessBase"]
[SourceDate "2018.10.10"]
[SourceVersion "1"]
[SourceVersionDate "2018.10.10"]
[SourceQuality "1"]

1. e4 e5 2. Nf3 Nc6 3. Bc4 h6 4. d4 Bd6 5. dxe5 Bc5 6. Bxf7+ Kxf7 7. Qd5+ Ke8 8. Qxc5 b6 9. Qc3 Qe7 10. 0-0 Qe6 11. b3 g5 12. Bb2 Nge7 13. Na3 Ba6 14. Rfe1 Ng6 15. Nc4 g4 16. Nd4 Nxd4 17. Qxd4 h5 18. Qd5 Ke7 19. Rad1 Rad8 20. Bc1 Rdf8 21. Bg5+ Kf7 22. Qxd7+ Qxd7 23. Rxd7+ Kg8 24. Bf6 Rh7 25. Red1 h4 26. Rxh7 Kxh7 27. Rd7+ Kh6 28. Bg7+ Kg5 29. Bxf8 Kf4 30. e6 Bc8 31. Rxc7 Bxe6 32. Bd6+ Kxe4 33. Rxa7 h3 34. Bg3 Kd4 35. Nxb6 Kc3 36. Rc7+ Kb2 37. a4 Bf5 38. f3 gxf3 39. gxf3 Nf8 40. Rf7 1-0

[Event "POL-chT blind Gp A"]
[Site "Mielno"]
[Date "2013.12.08"]
[Round "3.6"]
[White "Inglot, Marian"]
[Black "Stachanczyk, Jacek"]
[Result "0-1"]
[WhiteElo "1475"]
[BlackElo "2261"]
[PlyCount "66"]
[EventDate "2013.12.06"]
[EventType "team-tourn"]
[EventRounds "10"]
[EventCountry "POL"]
[SourceTitle "EXT 2019"]
[Source "ChessBase"]
[SourceDate "2018.10.10"]
[SourceVersion "1"]
[SourceVersionDate "2018.10.10"]
[SourceQuality "1"]

1. e4 c5 2. Nf3 Nc6 3. Bc4 e6 4. d4 cxd4 5. Nxd4 Nf6 6. Nf3 Nxe4 7. Nbd2 Nf6 8. Bb5 Bc5 9. Nb3 Be7 10. Bf4 0-0 11. Qd2 d5 12. 0-0-0 a6 13. Be2 b5 14. Nbd4 Nxd4 15. Nxd4 Bb7 16. g4 b4 17. h4 Qa5 18. Kb1 Rfc8 19. h5 Ne4 20. Qe3 Bf6 21. Nb3 Qd8 22. Bf3 Rc4 23. Be2 d4 24. Rhf1 dxe3 25. Rxd8+ Rxd8 26. Bxc4 exf2 27. Bd3 Bh4 28. Bxe4 Bxe4 29. Nd2 Bg2 30. Rc1 Rxd2 31. Bxd2 Be7 32. g5 f1Q 33. Rxf1 Bxf1 0-1